Curso de derecho político según la filosofía moderna, la historia general de España y la legislación vigente
Guardat en:
| Autor principal: | |
|---|---|
| Format: | Llibre |
| Idioma: | espanyol |
| Publicat: |
Madrid
Española
1913
|
| Edició: | 9a. ed |
| Matèries: | |
| Etiquetes: |
Afegir etiqueta
Sense etiquetes, Sigues el primer a etiquetar aquest registre!
|
MARC
| LEADER | 00000nam a2200000 a 4500 | ||
|---|---|---|---|
| 001 | UCR4465 | ||
| 003 | CL-VaPUC | ||
| 008 | 980307e19130000SP |||||||||||||||||spa|d | ||
| 082 | 0 | 4 | |a 320.011 |b SAN |2 21 |
| 100 | 0 | |a Santamaría de Paredes, Vicente |e author |9 404638 | |
| 245 | 1 | 0 | |a Curso de derecho político según la filosofía moderna, la historia general de España y la legislación vigente |
| 250 | |a 9a. ed | ||
| 300 | |a 832 p | ||
| 942 | |c BK | ||
| 945 | |d 19980307 00:00:00 |a aolguin | ||
| 260 | |a Madrid |b Española |c 1913 | ||
| 650 | 0 | |a Teoría del derecho |9 255982 | |
| 650 | 0 | |a Poderes del estado |9 377457 | |
| 650 | 0 | |a Derechos humanos |9 223025 | |
| 650 | 7 | |a DERECHOS POLITICOS |2 CL-VaPUC |9 314666 | |
| 650 | 0 | |a Estado y sociedad |9 345536 | |
| 650 | 0 | |a Iglesia y Estado |9 254995 | |
| 650 | 0 | |a Formas de gobierno |9 255257 | |
| 650 | 0 | |a Constitución política |9 336925 | |
| 651 | 0 | |a España |9 254926 | |
| 583 | |a last modification |c 20131001 02:27:09 |k Rodrigo Vera | ||
| 999 | |c 267406 |d 267404 | ||
| 952 | |0 0 |1 0 |4 0 |6 320_011000000000000_SAN_1913 |7 0 |8 X |9 299699 |a BIBDER |b BIBDER |d 2019-11-20 |i 1956604 |o 320.011 SAN 1913 |p 1956604 |r 2023-01-25 |w 2019-11-20 |y BK_X |k DER | ||